| 000 | 01277cad a22002295a 4500 | ||
|---|---|---|---|
| 001 | L143595 | ||
| 008 | 080123s2008 xxkad f s 000 0 eng d | ||
| 035 | _a(Sirsi) u143595 | ||
| 041 | 0 | _aeng | |
| 050 | 0 | 4 | _a333.33 $2 18 |
| 110 | 2 |
_aAtisreal _95337 |
|
| 245 | 0 | 0 |
_aEuropean markets at a glance _bfirst quarter 2008 _h[electronic resource] |
| 260 |
_a[S.l.] _bAtisreal _c2008 |
||
| 490 | 0 |
_aEuropean Markets at a Glance _vFirst Quarter 2008 |
|
| 520 | _aReports that the fall in the European Investment Market Index has increased in the first quarter of 2008. The European Yield Index increased somewhat during the same period due to re-pricing. The European Office Market Index fell again due to the slowing rate of transactions. However, transactions are in line with the average for first quarters over the last five years. The European Office Market Index rose again, albeit at a slower rate. Concludes that the credit crunch has only mildly affected the European Office market. | ||
| 590 | _aKA | ||
| 650 | 2 | 4 | _aEUROPEAN MARKETS AT A GLANCE |
| 651 | 4 | _aEurope | |
| 690 | _aPROPERTY-COMMERCIAL PROPERTY-COMMERCIAL PROPERTY MARKET | ||
| 856 | 4 | 0 |
_uhttps://www.atisreal.com / _zView this report free of charge under market research at www.atisreal.com... |
| 942 | _n0 | ||
| 999 |
_c108221 _d108221 |
||